000 00739nam a2200253Ia 4500
003 OSt
005 20221006143319.0
006 a|||||r|||| 00| 0
007 ta
008 221006b |||||||| |||| 00| 0 eng d
020 _a0813374065
_c
_35.00
024 _a8,630
037 _cTextual
040 _aEASL
_cEASL
_beng
041 _2eng
_aeng
082 _aX8(J):275.42.N89, N0
100 _aMOORE Richard H
_9244852
245 0 _aJapanese agriculture
_b Patterns of rural development
260 _aLondon
_bWestview Press
_c1990
300 _a337p.
_ccm.
490 _v JEL
_aWestview special studies on East Asia
942 _hX8(J):275.42.N89, N0
_cTEXL
_2CC
999 _c1076716
_d1076716